Kommunale Intelligenz Potenzialentfaltung in Städten und Gemeinden

Gespeichert in:
Bibliographische Detailangaben
1. Verfasser: Hüther, Gerald
Format: Buch
Sprache:Deutsch
Veröffentlicht: Hamburg Körber-Stiftung 2013
Schlagworte:
Tags: Tag hinzufügen
Keine Tags, Fügen Sie das erste Tag hinzu!

MARC

LEADER 00000nam a2200000 4500
001 0176595
005 20240311131252.0
020 |a 978-3-89684-098-1 
041 0 |a ger 
044 |a DE 
245 1 0 |a Kommunale Intelligenz  |b Potenzialentfaltung in Städten und Gemeinden  |c Gerald Hüther 
264 1 |a Hamburg  |b Körber-Stiftung  |c 2013 
300 |a 125 s. 
610 2 0 |a spoločnosť občianska 
610 2 0 |a mestá 
610 2 0 |a obce 
610 2 0 |a programy sociálne 
610 2 0 |a vzťahy medziľudské 
610 2 0 |a spolužitie mierové 
610 2 0 |a modely 
610 2 0 |a komunikácia 
610 2 0 |a politika komunálna 
610 2 0 |a správa verejná 
610 2 0 |a dôsledky sociálne 
610 2 0 |a rodina 
610 2 0 |a úroveň životná 
610 2 0 |a vzdelávanie 
610 2 0 |a kultúra 
100 1 |a Hüther, Gerald